The ASTD reference guide to professional human resource development roles and competencies / (Record no. 3152)

000 -LEADER
fixed length control field nam a22 a 4500
005 - DATE AND TIME OF LATEST TRANSACTION
control field 20170519154621.0
008 - FIXED-LENGTH DATA ELEMENTS--GENERAL INFORMATION
fixed length control field 170519s1982 xxu||||| |||| 00| 0 eng d
020 ## - INTERNATIONAL STANDARD BOOK NUMBER
International Standard Book Number 0874250838
040 ## - CATALOGING SOURCE
Original cataloging agency AKMAL
082 ## - DEWEY DECIMAL CLASSIFICATION NUMBER
Classification number 658.3124 SRE
090 ## - LOCALLY ASSIGNED LC-TYPE CALL NUMBER (OCLC); LOCAL CALL NUMBER (RLIN)
Classification number (OCLC) (R) ; Classification number, CALL (RLIN) (NR) 658.3124
Local cutter number (OCLC) ; Book number/undivided call number, CALL (RLIN) SRE
100 ## - MAIN ENTRY--PERSONAL NAME
Personal name Rothwell, William J.,
Dates associated with a name 1951-
9 (RLIN) 6509
245 ## - TITLE STATEMENT
Title The ASTD reference guide to professional human resource development roles and competencies /
Statement of responsibility, etc. William J. Rothwell & Henry J. Sredl.
250 ## - EDITION STATEMENT
Edition statement 2nd ed.
260 ## - PUBLICATION, DISTRIBUTION, ETC.
Place of publication, distribution, etc. Amherst, Mass. .
Name of publisher, distributor, etc. HRD Press
Date of publication, distribution, etc. c1992.
300 ## - PHYSICAL DESCRIPTION
Extent 2 v.
Other physical details ill.
Dimensions cm
500 ## - GENERAL NOTE
General note Sredl's name appears first on the earlier edition.
500 ## - GENERAL NOTE
General note Spine title: The ASTD reference guide.
504 ## - BIBLIOGRAPHY, ETC. NOTE
Bibliography, etc. note Includes bibliographical references and index.
599 ## - LOCAL NOTE
Local Note DALAM PROSES
650 ## - SUBJECT ADDED ENTRY--TOPICAL TERM
Topical term or geographic name entry element Employees.
General subdivision Training of
Form subdivision Handbooks, manuals, etc.
9 (RLIN) 6510
650 ## - SUBJECT ADDED ENTRY--TOPICAL TERM
Topical term or geographic name entry element Personnel management
Form subdivision Handbooks, manuals, etc.
9 (RLIN) 6486
700 ## - ADDED ENTRY--PERSONAL NAME
Personal name Sredl, Henry J.,
Dates associated with a name 1935-
9 (RLIN) 6511
942 ## - ADDED ENTRY ELEMENTS (KOHA)
Source of classification or shelving scheme
Koha item type Book
Holdings
Withdrawn status Lost status Source of classification or shelving scheme Damaged status Not for loan Collection code Home library Current library Shelving location Date acquired Inventory number Total Checkouts Full call number Barcode Date last seen Price effective from Koha item type
          NON-FICTION AKMAL Melaka AKMAL Melaka PINJAMAN 19.05.2017 601389   658.3124 SRE 201704113 19.05.2017 19.05.2017 Book
Pusat Sumber Maklumat Dato' Haji Sarmin Md Hussin, Akademi Kastam Diraja Malaysia, Melaka
Tel: 06-2331106 | Faks: 06-2313787